[Event "XXXIII Abierto Ciudad de Sevilla"]
[Site "?"]
[Date "2008.01.07"]
[Round "4"]
[White "Barrantes Muñoz, H."]
[Black "Lariño Nieto, D."]
[Result "1-0"]
[WhiteElo "2180"]
[BlackElo "2439"]
[PlyCount "71"]
[EventDate "2008.01.05"]
[SourceDate "2008.01.05"]

1. d4 e6 2. c4 c5 3. d5 exd5 4. cxd5 d6 5. Nc3 g6 6. Nf3 Bg7 7. Bf4 Nf6 8. Qa4+
Kf8 9. e4 Nh5 10. Bg5 {Diagrama #} Qe8 (10... Qb6) 11. Qxe8+ Kxe8 12. Nd2 h6
13. Be3 Ke7 14. Be2 Nd7 15. O-O a6 16. a4 Rb8 17. Nc4 Ne5 18. Nb6 (18. Nxd6
Kxd6 19. f4 Nd7 20. e5+ Ke7 21. d6+ Kf8 22. Nd5 $16) 18... Nf6 19. f4 Ned7 20.
Nc4 Ne8 21. e5 b6 22. Bg4 (22. Rae1 $18) 22... f5 (22... Nxe5 23. fxe5 Bxg4 24.
exd6+ Nxd6 25. Nxd6 Kxd6 26. Bf4+ Kd7 27. Bxb8 Bd4+ 28. Kh1 Rxb8 $16) 23. exf6+
Nexf6 24. Be6 Re8 25. Rfe1 b5 26. axb5 axb5 27. Na5 Kf8 28. Nc6 Rb6 29. f5 g5
30. Bf2 Ng4 31. Bg3 Be5 32. Ne4 Bxg3 33. hxg3 Ndf6 34. Nxd6 Bxe6 35. fxe6 Ra8
36. e7+ 1-0

[Event "XXXIII Abierto Ciudad de Sevilla"]
[Site "?"]
[Date "2008.01.07"]
[Round "4"]
[White "Fernandez Ruiz, M."]
[Black "Barria, D."]
[Result "0-1"]
[WhiteElo "2074"]
[BlackElo "2427"]
[PlyCount "73"]
[EventDate "2008.01.05"]
[SourceDate "2008.01.05"]

1. d4 Nf6 2. c4 e6 3. g3 c5 4. d5 exd5 5. cxd5 d6 6. Bg2 g6 7. Nc3 Bg7 8. Nf3
O-O 9. O-O a6 10. a4 Re8 11. Nd2 Nbd7 12. e4 Rb8 13. Nc4 Ne5 14. Nxe5 Rxe5 15.
Bf4 Re8 16. Re1 Ng4 17. h3 Ne5 18. Qc2 b5 19. axb5 axb5 20. Ra7 b4 21. Ne2 b3
22. Qb1 Qb6 23. Ra4 Bd7 24. Ra1 Bb5 25. Bxe5 Bxe5 26. Nc3 c4 {Diagrama #} 27.
Qc1 (27. Re3) 27... Bxg3 28. Qd2 Be5 29. Bf1 Bd7 30. Kg2 Rbc8 31. Ra3 Qd4 32.
Qe2 Qb6 33. Qd2 Qd8 34. f4 Bg7 35. Ra6 Qh4 36. Qe3 Bxh3+ 37. Kg1 0-1

[Event "XXXIII Abierto Ciudad de Sevilla"]
[Site "?"]
[Date "2008.01.07"]
[Round "4"]
[White "Lazaro Porta, A."]
[Black "Kononenko, T."]
[Result "0-1"]
[WhiteElo "2053"]
[BlackElo "2378"]
[PlyCount "90"]
[EventDate "2008.01.05"]
[SourceDate "2008.01.05"]

1. Nf3 d5 2. d4 Nf6 3. c4 c6 4. g3 Bf5 5. Nbd2 e6 6. Bg2 Be7 7. O-O h6 8. Qb3
Qb6 9. c5 Qc7 10. Ne5 b6 11. cxb6 axb6 12. Ndf3 Nbd7 13. Bf4 Bd6 14. Rfc1 c5
15. Nxd7 Nxd7 16. Bxd6 Qxd6 17. Qb5 O-O 18. dxc5 bxc5 19. Nh4 Bh7 {Diagrama #}
20. e4 $2 (20. Qb3 $17) 20... Rab8 21. Qe2 g5 22. Nf3 Bxe4 23. Rd1 Bg6 24. h3
Rb4 25. Nh2 Nf6 26. Ng4 Nxg4 27. hxg4 Qb6 28. Rd2 c4 29. a4 Ra8 30. a5 Rxa5 31.
Rxa5 Qxa5 32. Qe5 Rb7 33. Qd4 Bd3 34. Rd1 Qb6 35. Qf6 Qxb2 36. Qxh6 Qg7 37. Qh5
Rb1 38. Rxb1 Bxb1 39. f4 c3 40. f5 c2 41. fxe6 c1=Q+ 42. Kh2 Qh7 43. exf7+ Kf8
44. Bxd5 Qxh5+ 45. gxh5 Qd2+ 0-1

[Event "XXXIII Abierto Ciudad de Sevilla"]
[Site "?"]
[Date "2008.01.07"]
[Round "4"]
[White "Carretero Ortiz, F."]
[Black "Rizouk, A."]
[Result "0-1"]
[WhiteElo "2233"]
[BlackElo "2498"]
[PlyCount "162"]
[EventDate "2008.01.05"]
[SourceDate "2008.01.05"]

1. e4 c5 2. Nf3 d6 3. d4 cxd4 4. Qxd4 Nc6 5. Bb5 Bd7 6. Bxc6 Bxc6 7. Nc3 Nf6 8.
Bg5 e6 9. O-O-O Be7 10. Rhe1 O-O 11. e5 dxe5 12. Nxe5 Qa5 13. Qh4 Rfd8 14. Ng4
Rxd1+ 15. Rxd1 Qf5 16. Bxf6 Bxf6 17. Qxf6 Qxf6 18. Nxf6+ gxf6 19. Rd4 f5 20. g3
Kg7 21. f4 h5 22. h4 Kf6 23. Kd2 Ke7 24. Ke3 f6 25. Rd1 Rg8 26. Kf2 Rc8 27. Re1
b5 28. Ne2 Rd8 29. Ke3 Be4 30. Nc3 Bc6 31. Rd1 Rc8 32. a3 a6 33. Rd2 Bb7 34.
Rf2 Re8 35. Ne2 Be4 36. Kd2 Rd8+ 37. Kc1 Rg8 38. Kd2 e5 39. Rf1 Ke6 40. Rf2
Rd8+ 41. Kc1 a5 42. Nc3 Bc6 43. b4 axb4 44. axb4 Rg8 45. Ne2 Bd5 46. Kd2 Bc4
47. Rf3 Rd8+ 48. Ke1 Ra8 49. Re3 Kd5 50. Nc3+ Kd4 51. Kd2 Rg8 52. Nd1 exf4 53.
c3+ Kd5 54. gxf4 Rg4 55. Re8 Rxf4 56. Ne3+ Kd6 57. Rd8+ Ke5 58. Re8+ Be6 59. c4
bxc4 60. b5 Rd4+ 61. Kc2 f4 (61... Re4 62. b6 Rxe3 63. b7 Rb3 64. b8=Q+ Rxb8
65. Rxb8 Kf4) 62. b6 Rd7 63. Nxc4+ Kd5 64. Na5 f3 {Diagrama #} 65. b7 $2 (65.
Kd2 Kc5+ 66. Ke3 Bd5 67. b7 Bxb7 68. Nxb7+ Rxb7 69. Kxf3) 65... Rxb7 66. Nxb7
f2 67. Rd8+ Ke5 68. Rd1 Bc4 69. Kd2 Kf4 70. Nc5 f1=Q 71. Rxf1+ Bxf1 72. Ke1 Bc4
73. Kf2 f5 74. Nd7 Bb3 75. Nf6 Bd1 76. Nd5+ Ke5 77. Ne3 Bb3 78. Ng2 f4 79. Ne1
Ke4 80. Ng2 Bd1 81. Ne1 f3 0-1

[Event "XXXIII Abierto Ciudad de Sevilla"]
[Site "?"]
[Date "2008.01.08"]
[Round "5"]
[White "Mirzoev, A."]
[Black "Korneev, O."]
[Result "1/2-1/2"]
[WhiteElo "2518"]
[BlackElo "2645"]
[PlyCount "22"]
[EventDate "2008.01.05"]
[SourceDate "2008.01.05"]

1. d4 d5 2. Nf3 Nf6 3. c4 e6 4. e3 a6 5. Nbd2 c5 6. dxc5 Bxc5 7. a3 dxc4 8.
Bxc4 b5 9. Be2 Bb7 10. O-O O-O 11. b4 Bd6 {Diagrama #} 1/2-1/2

[Event "XXXIII Abierto Ciudad de Sevilla"]
[Site "?"]
[Date "2008.01.08"]
[Round "5"]
[White "Fernandez Romero, E."]
[Black "Epishin, V."]
[Result "1/2-1/2"]
[WhiteElo "2462"]
[BlackElo "2577"]
[PlyCount "54"]
[EventDate "2008.01.05"]
[SourceDate "2008.01.05"]

1. e4 c6 2. d4 d5 3. Nc3 dxe4 4. Nxe4 Bf5 5. Ng3 Bg6 6. h4 h6 7. Nf3 Nd7 8. h5
Bh7 9. Bd3 Bxd3 10. Qxd3 Qc7 11. Bd2 Ngf6 12. O-O-O e6 13. Ne4 O-O-O 14. g3
Nxe4 15. Qxe4 Nf6 16. Qe2 Rd5 17. c4 (17. Bf4 Bd6 18. Bxd6 Qxd6 19. c4 Ra5 (
19... Rxh5 $2 20. Rxh5 Nxh5 21. Ne5) 20. Ne5 Rf8 21. Kb1 $14) 17... Rxh5 18.
Rxh5 (18. Bf4 Qa5 19. Ne5 Rxh1 20. Rxh1 Bd6 21. Nxf7 Bxf4+ 22. gxf4 Qxa2 23.
Rh3 Qa1+ 24. Kc2 Qa4+ 25. Rb3 Rf8 26. Nd6+ Kc7 27. Qxe6 b6 28. Nf7 Re8 29. Qd6+
Kb7 30. Nd8+ Kc8 31. Qxc6+ Qxc6 32. Nxc6 Re2+ 33. Kd1 Rxf2 34. Nxa7+ Kb7 35.
Nb5 Rxf4 36. Ra3 Kb8 37. Ra6 Nd7 38. b4 h5 {
1/2-1/2 Horvath,T-Vadasz,L/Budapest 1980}) 18... Nxh5 19. Qe5 Nf6 (19... Qxe5
20. dxe5 g6 21. Be3 Ng7 22. Bxa7 Be7 23. Bb6 h5 24. a4 Nf5 25. a5 g5 26. Rh1 h4
27. gxh4 gxh4 28. Nd4 Nxd4 29. Bxd4 Bg5+ 30. Kc2 h3 31. Kd3 h2 32. Bc3 Bf4 33.
Ke4 Rh4 34. Kf3 c5 35. Kg2 Rg4+ 36. Kf1 Kb8 37. a6 b6 38. f3 Rg8 39. Kf2 Ka7
40. Ra1 Bg3+ 41. Ke3 Bxe5 42. Bxe5 Rg1 43. Bxh2 Rxa1 44. Be5 Kxa6 45. Kf4 Rd1
46. Bc3 Kb7 47. Ke5 Rf1 48. f4 Kc6 49. Ke4 Kd7 50. Bg7 Re1+ 51. Kd3 Ke7 52. Bc3
Ra1 53. Be5 f6 54. Bc3 Rh1 55. Ke4 Rh5 56. Kf3 Rh3+ 57. Ke4 f5+ {
0-1 Vocaturo,D-Rombaldoni,D/Pesaro 2003}) 20. Qxc7+ Kxc7 21. Ne5 Rh7 22. Nxf7
g5 23. Ne5 Ne4 24. Be3 Bg7 25. Nd3 Rh8 26. g4 Rf8 27. Kc2 b6 {Diagrama #}
1/2-1/2

[Event "XXXIII Abierto Ciudad de Sevilla"]
[Site "?"]
[Date "2008.01.08"]
[Round "5"]
[White "Vehi Bach, V."]
[Black "Matamoros, C."]
[Result "1/2-1/2"]
[WhiteElo "2373"]
[BlackElo "2529"]
[PlyCount "28"]
[EventDate "2008.01.05"]
[SourceDate "2008.01.05"]

1. e4 e5 2. Nf3 Nc6 3. Nc3 Nf6 4. Bb5 Bb4 5. O-O O-O 6. d3 d6 7. Ne2 Bd7 8. c3
Bc5 9. Ng3 Bb6 10. h3 h6 11. Re1 Ne7 12. Bxd7 Qxd7 13. Nh4 Nh7 14. a4 a5 {
Diagrama #} 1/2-1/2

[Event "XXXIII Abierto Ciudad de Sevilla"]
[Site "?"]
[Date "2008.01.08"]
[Round "5"]
[White "Ivanov, J."]
[Black "Ramos Suria, F."]
[Result "1-0"]
[WhiteElo "2371"]
[BlackElo "2106"]
[PlyCount "43"]
[EventDate "2008.01.05"]
[SourceDate "2008.01.05"]

1. d4 d5 2. Nf3 Nc6 3. Bf4 Bg4 4. e3 e6 5. c4 Bd6 6. Bxd6 Qxd6 7. Nc3 Nge7 8.
h3 Bxf3 9. Qxf3 O-O 10. cxd5 Nxd5 11. a3 Rad8 12. Ne4 Qe7 13. Bc4 a6 14. O-O
Na5 (14... Nb6) 15. Ba2 b6 16. Rac1 {Diagrama #} Nb7 (16... f5 17. Nc3 c6 $14)
17. Rc6 Nd6 $2 (17... Na5 18. Rc2 f5 19. Nc3 c6 20. Rfc1 $16) 18. Ng3 (18. Rfc1
Nxe4 19. Qxe4 Qg5 20. Bxd5 exd5 21. Qg4 Qxg4 22. hxg4 $18) 18... Nb5 (18... Ne8
) 19. Rfc1 Rd7 20. Nh5 (20. Bxd5 exd5 (20... Rxd5 21. a4 Nd6 22. Rxc7) 21. a4
Nd6 22. Qxd5) 20... Na7 $2 (20... Qg5) 21. Bxd5 exd5 22. Qg3 1-0

[Event "XXXIII Abierto Ciudad de Sevilla"]
[Site "?"]
[Date "2008.01.08"]
[Round "5"]
[White "Morales Araujo, F."]
[Black "Lanzani, M."]
[Result "0-1"]
[WhiteElo "2145"]
[BlackElo "2349"]
[PlyCount "50"]
[EventDate "2008.01.05"]
[SourceDate "2008.01.05"]

1. f4 Nf6 2. Nf3 d5 3. g3 g6 4. Bg2 Bg7 5. c3 O-O 6. O-O Nc6 7. d3 Qd6 8. Qc2
a5 9. a4 e5 10. fxe5 Nxe5 11. Bf4 (11. Nxe5 Qxe5 12. Bf4) 11... Qb6+ 12. Kh1 (
12. Nd4) 12... Neg4 13. e4 (13. Nd4 c5 14. Nb5 c4 15. N1a3 Nf2+ 16. Rxf2 Qxf2
17. Rf1 cxd3 18. Qxd3 Qb6 19. Bc7 Qc6 20. Be5 $15) 13... dxe4 14. dxe4 Ne3 15.
Bxe3 Qxe3 16. Nbd2 Ng4 17. Nb3 (17. Rae1) 17... Qb6 {Diagrama #} 18. Nbd4 $2
Ne3 19. Qf2 Nxf1 20. Rxf1 Bg4 21. Ng5 h6 22. Qf4 hxg5 23. Qxg4 Bxd4 24. cxd4
Qxd4 25. Qxg5 Rfe8 0-1

[Event "XXXIII Abierto Ciudad de Sevilla"]
[Site "?"]
[Date "2008.01.08"]
[Round "5"]
[White "Fenollar Jorda, M."]
[Black "Martin Vazquez, J."]
[Result "1-0"]
[WhiteElo "2253"]
[BlackElo "2102"]
[PlyCount "81"]
[EventDate "2008.01.05"]
[SourceDate "2008.01.05"]

1. d4 Nf6 2. Nf3 g6 3. Bg5 Bg7 4. Nbd2 O-O 5. e4 d6 6. Bc4 Nxe4 7. Nxe4 d5 8.
Bd3 dxe4 9. Bxe4 c5 10. c3 cxd4 11. Nxd4 Qa5 12. Be3 Rd8 $146 ({RR} 12... e5
13. Nb3 Qc7 14. O-O Nd7 15. Bf3 Nf6 16. Nc5 Bf5 17. Qa4 b5 18. Qh4 Rae8 19.
Rfd1 h6 20. a4 g5 21. Qb4 e4 22. Be2 a5 23. Na6 Qxh2+ 24. Kxh2 axb4 25. Nxb4
Ng4+ 26. Bxg4 Bxg4 27. Rd5 {Guimard,C-Garcia,R/Buenos Aires 1964/1/2-1/2}) ({RR
} 12... Qe5 13. Qf3 Qc7 14. O-O a6 15. h3 Nd7 16. Qe2 Nf6 17. Bf3 e5 18. Nb3 e4
19. Bg4 Nxg4 20. hxg4 Be6 21. Nd2 f5 22. gxf5 gxf5 23. g3 Qf7 24. Bf4 Rad8 25.
Kg2 Bd5 26. Kh2 Rfe8 27. Rfd1 {Hellbing,H-Schmitthoefer,H/Germany 1995/1-0})
13. O-O Nc6 14. Nxc6 bxc6 15. Qc2 Bf5 16. Bxf5 gxf5 17. a4 Qe5 18. Rfd1 c5 19.
g3 h5 20. h4 {Diagrama #} Bf6 (20... c4) (20... e6) 21. Rxd8+ Rxd8 22. Rd1
Rxd1+ (22... Rd5 23. Qe2) 23. Qxd1 Qe4 24. Qxh5 Qb1+ 25. Kg2 Qxb2 26. Qxf5 Qxc3
27. Qxc5 a6 28. Qxc3 Bxc3 29. Kf3 e6 30. Ke4 f5+ 31. Kd3 Be1 32. Kc4 e5 33. Kd5
f4 34. gxf4 exf4 35. Bd4 Kh7 36. Ke4 Bd2 37. Kf5 Kh6 38. Kg4 Kg6 39. f3 Be1 40.
h5+ Kh6 41. Be5 1-0

[Event "XXXIII Abierto Ciudad de Sevilla"]
[Site "?"]
[Date "2008.01.08"]
[Round "5"]
[White "Teran Alvarez, I."]
[Black "Paunovic, D."]
[Result "0-1"]
[WhiteElo "2404"]
[BlackElo "2522"]
[PlyCount "50"]
[EventDate "2008.01.05"]
[SourceDate "2008.01.05"]

1. e4 d6 2. d4 Nf6 3. Nc3 e5 4. Nge2 c6 5. f3 Nbd7 6. Be3 h5 7. a4 g6 8. Ng1 $6
(8. Qd2 Qa5 9. Nc1) 8... Bg7 9. dxe5 Nxe5 $6 (9... dxe5) 10. Qd2 Be6 11. O-O-O
$14 d5 12. Qd4 (12. Bd4 Qc7 (12... Bh6 13. f4 Ned7 14. exd5 cxd5 15. Nf3 $16)
13. f4 Ned7 14. exd5 cxd5 15. Bd3 $16) 12... Ned7 (12... Qc7) 13. exd5 cxd5 14.
Nge2 (14. Qb4) 14... O-O 15. Qd2 Re8 16. Nd4 Qa5 17. Kb1 a6 18. h3 (18. Nxe6
Rxe6 (18... fxe6 19. Bd3) 19. Nxd5 Qxa4 20. Nc3 Qb4 21. Bd4 $11) 18... Rac8 19.
g4 Nc5 20. Bh6 (20. Nxe6 Rxe6 21. g5 Nfd7 22. Nxd5 Qxa4 23. Bd4 Bxd4 24. Qxd4
$11) 20... Bh8 {Diagrama #} (20... Nxa4 21. Nxa4 Qxa4 22. Bxg7 Kxg7 23. Qf4 Bd7
24. Bd3) 21. gxh5 $2 (21. Nxe6 Rxe6 22. Nxd5 Qxd2 23. Nxf6+ Bxf6 24. Bxd2 Nxa4
25. b3 $11) 21... Nxh5 $17 22. f4 (22. Nce2 Qxd2 23. Bxd2 Nxa4 24. Rg1) 22...
Ng3 23. Rg1 Nf5 $19 24. Nxe6 Rxe6 25. Qxd5 Bxc3 0-1

[Event "XXXIII Abierto Ciudad de Sevilla"]
[Site "?"]
[Date "2008.01.08"]
[Round "5"]
[White "Zhao, Z."]
[Black "Herrera Delgado, A."]
[Result "1-0"]
[WhiteElo "2487"]
[BlackElo "2156"]
[PlyCount "67"]
[EventDate "2008.01.05"]
[SourceDate "2008.01.05"]

1. e4 c5 2. Nf3 Nc6 3. d4 cxd4 4. Nxd4 g6 5. c4 Nf6 6. Nc3 d6 7. Nc2 Bg7 8. Be2
Nd7 9. Bd2 a5 10. O-O O-O 11. Na3 Nd4 12. Be3 Nxe2+ 13. Qxe2 Bxc3 14. bxc3 Nc5
$2 {Esto permite al blanco crear una debilidad en d6 y explotarla con su alfil
y su mejor desarrollo. Mejor era b6-Ab7-Dc7} 15. e5 Bf5 16. Rad1 $18 Qc8 (16...
Qb6 17. exd6 exd6 18. Nb5 Rfd8 19. Rd4 Qc6 20. Rfd1 Ne6 21. Rxd6 Rxd6 22. Rxd6
$18) 17. exd6 Ne4 (17... exd6 18. Nb5) 18. dxe7 Re8 19. Bd4 Rxe7 20. f3 Qe6 21.
fxe4 Bg4 22. Qf2 Bxd1 23. Rxd1 Qg4 24. Rf1 f5 25. e5 a4 26. Nb5 a3 27. Nd6 Rd8
28. Qf3 Qxf3 29. gxf3 g5 30. c5 h5 31. Rb1 g4 32. f4 g3 33. hxg3 Rg7 34. Bf2
1-0

[Event "XXXIII Abierto Ciudad de Sevilla"]
[Site "?"]
[Date "2008.01.08"]
[Round "5"]
[White "Barria, D."]
[Black "Serra Olives, T."]
[Result "1-0"]
[WhiteElo "2427"]
[BlackElo "2134"]
[PlyCount "65"]
[EventDate "2008.01.05"]
[SourceDate "2008.01.05"]

1. e4 e5 2. Nf3 Nc6 3. Bb5 a6 4. Ba4 Nf6 5. O-O Be7 6. Re1 b5 7. Bb3 O-O 8. c3
d6 9. h3 Na5 10. Bc2 c5 11. d4 Qc7 12. Nbd2 Bd7 13. dxe5 dxe5 14. Nf1 c4 15.
Ne3 Rad8 16. Nd5 Nxd5 17. exd5 {Diagrama #} Rfe8 $2 (17... f6) 18. Nxe5 $18 Bf6
19. d6 Qb7 20. Be4 Qc8 21. Nxd7 Qxd7 22. Bf4 Nc6 23. Qh5 g6 24. Qf3 Ne5 25.
Bxe5 Bxe5 26. Bc6 Qxd6 27. Bxe8 Rxe8 28. g3 Re6 29. Rad1 Qc7 30. Re3 a5 31.
Qa8+ Kg7 32. Qd8 Qc5 33. Rd5 1-0

[Event "XXXIII Abierto Ciudad de Sevilla"]
[Site "?"]
[Date "2008.01.08"]
[Round "5"]
[White "Lopez Martinez, J."]
[Black "Campora, D."]
[Result "1-0"]
[WhiteElo "2550"]
[BlackElo "2535"]
[PlyCount "111"]
[EventDate "2008.01.05"]
[SourceDate "2008.01.05"]

{Presentada al Premio de Belleza} 1. e4 e5 2. Nf3 Nc6 3. Bb5 Nf6 4. O-O d6 5.
Re1 Bd7 6. c3 Be7 7. d4 O-O 8. d5 Nb8 9. Bf1 a5 10. c4 Na6 11. Nc3 Ne8 12. a3
g6 13. Rb1 f5 14. exf5 Bxf5 ({la alternativa era} 14... gxf5 15. b4 axb4 16.
axb4) 15. Ra1 Nc5 16. Be3 Ne4 ({el blanco queda mejor tras} 16... b6 17. b4
axb4 18. axb4 Rxa1 19. Qxa1 Nd3 20. Rb1 Nf4 21. Rb3 Bg4 22. Nd2) 17. Nxe4 Bxe4
18. Nd2 Bf5 19. c5 dxc5 (19... Nf6 $5) (19... a4 $5) 20. Qb3 a4 21. Qxb7 $5 {
Diagrama #Cuando una partida es buena aparecen jugadas con mucho más sentido
del aparente. El blanco no acaba de comer un peón, sino que !está dispuesto a
entregar suDama!} Nd6 ({aceptando el desafío, pero se imponía} 21... Bd7 {
quitando la retirada a la Dama y forzando} 22. Nc4 Nd6 23. Nxd6 cxd6 24. Bb5
Bxb5 25. Qxb5 Bg5 $11) 22. Qc6 {una jugada más, Ad7, y cae la Dama} Ra5 23. Nc4
Bd7 $2 ({?Una interrogación para una jugada que gana la Dama? Daniel acepta
completamente la entrega, pero podía jugar} 23... Nxc4 24. Bxc4 Bd6 {
con equilibrio} 25. Bh6 Bd7 (25... Rf7 26. Qb7 Bc8 $6 27. Qb8 c6 28. Bg5) 26.
Qb7 Bc8 27. Qc6 Bd7) 24. Nxa5 Bxc6 25. Nxc6 Qd7 26. Nxe7+ $3 (26. Nxe5 Qf5 27.
f4 {ofrece ventaja al blanco, pero las piezas negras estarían en juego; López
entrega su excelente caballo por el todavía pasivo alfil para dejar al negro
sin contrajuego}) 26... Qxe7 27. Bxc5 {José Manuel me comentó que aquí recordó
la máxima de que dos alfiles valen tanto como una torre y un caballo, por lo
tanto las dos torres blancas superarán a la Dama al poder atacar el peón "e"}
Qf6 28. Rac1 Rf7 29. Rc2 h5 30. g3 Kh7 31. Rce2 e4 32. Bg2 Re7 {Diagrama #} 33.
h4 ({si} 33. f3 e3 34. f4 h4 35. Bxe3 Nc4 {otra vez el negro recibiría
contrajuego. López refuerza su posición antes de ganar el peón}) 33... Re8 34.
Bxd6 cxd6 35. Rxe4 Rxe4 36. Rxe4 Qxb2 37. Rxa4 Qc1+ 38. Kh2 Qb2 39. Ra7+ Kg8
40. f4 {El Rey está seguro, los peones defendidos y el peón "a" listo para
avanzar. El Rey negro está confinado y los peones d6 y g6 serán objetivos
intercambiables con el peón "a"} Kf8 41. a4 Qb6 42. Rd7 Qa6 43. a5 Ke8 44. Rg7
Qxa5 45. Rxg6 Qa3 46. Rh6 Kf7 47. Rxh5 Kf6 48. Rg5 Qd3 49. h5 Qh7 50. Rg6+ Kf5
51. Bf3 Qc7 52. Kh3 Qc1 53. Rg5+ Kf6 54. Kg4 Kf7 55. Rg6 Qc5 56. Re6 {
Diagrama # Una excelente victoria con una interesante entrega posicional deDama
} 1-0

[Event "XXXIII Abierto Ciudad de Sevilla"]
[Site "?"]
[Date "2008.01.08"]
[Round "5"]
[White "Melero Fidalgo, J."]
[Black "Narciso Dublan, M."]
[Result "1/2-1/2"]
[WhiteElo "2184"]
[BlackElo "2513"]
[PlyCount "52"]
[EventDate "2008.01.05"]
[SourceDate "2008.01.05"]

1. e4 e6 2. d4 d5 3. Nc3 Nf6 4. Bg5 dxe4 5. Nxe4 Be7 6. Bxf6 Bxf6 7. Nf3 Nd7 8.
g3 O-O 9. Bg2 Be7 10. O-O c6 11. c3 Qc7 12. Qd3 Rd8 13. Rad1 b6 14. h4 Bb7 15.
Neg5 Nf8 16. Nh3 c5 17. Ne5 Bxg2 18. Kxg2 cxd4 19. cxd4 Bf6 20. Qe4 Bxe5 21.
dxe5 Ng6 22. f4 Ne7 23. Ng5 Nf5 24. Kh3 h5 25. Qf3 g6 26. Ne4 Kg7 {Diagrama #}
1/2-1/2

[Event "XXXIII Abierto Ciudad de Sevilla"]
[Site "?"]
[Date "2008.01.08"]
[Round "5"]
[White "Rizouk, A."]
[Black "Khamrakulov, I."]
[Result "0-1"]
[WhiteElo "2498"]
[BlackElo "2589"]
[PlyCount "62"]
[EventDate "2008.01.05"]
[SourceDate "2008.01.05"]

1. e4 e6 2. d4 d5 3. Nd2 c5 4. Ngf3 Nc6 5. exd5 exd5 6. dxc5 Bxc5 7. Nb3 Bb6 8.
Bb5 Nf6 9. O-O O-O 10. Bg5 Bg4 11. c3 a6 12. Be2 Re8 13. Nfd4 Bxe2 14. Nxe2 Qd6
15. Bf4 Qe6 16. Ned4 Qe4 $15 17. Be3 (17. Qd2) 17... Ne5 18. Nc2 (18. Nd2)
18... Bc7 (18... Bxe3 19. Nxe3 Nd3 20. Nd2 Qf4 $17) 19. Bg5 Neg4 20. h3 h6 21.
Nd2 Qg6 22. Bxf6 Nxf6 {Diagrama #} 23. Nf3 (23. Nd4) 23... Nh5 24. Kh1 (24. Nh4
Qd6 25. Nf3 Nf4) 24... Nf4 25. Nce1 Re4 $19 26. Rg1 Qf5 27. Nh2 Ne2 28. Nef3 (
28. Rf1 Bxh2 29. Kxh2 Qf4+ 30. Kh1 Ng3+) 28... Nxg1 29. Kxg1 Bxh2+ 30. Kxh2
Rae8 31. Kg1 Re2 0-1

[Event "XXXIII Abierto Ciudad de Sevilla"]
[Site "?"]
[Date "2008.01.08"]
[Round "5"]
[White "Movsziszian, K."]
[Black "Barrantes Muñoz, H."]
[Result "1-0"]
[WhiteElo "2527"]
[BlackElo "2180"]
[PlyCount "73"]
[EventDate "2008.01.05"]
[SourceDate "2008.01.05"]

1. g3 c5 2. Bg2 Nc6 3. e4 g6 4. d3 Bg7 5. f4 d6 6. Nf3 Nf6 7. O-O O-O 8. Nc3
Bg4 9. h3 Bxf3 10. Qxf3 Rb8 11. Qf2 Nd7 12. g4 Nd4 13. Nd1 b5 14. c3 Nc6 15. h4
b4 16. g5 bxc3 17. bxc3 Nb4 18. Qe2 c4 19. d4 Nd3 20. e5 Nxc1 (20... Nb6) 21.
Rxc1 {Diagrama #} e6 $6 22. h5 dxe5 23. h6 Bh8 24. dxe5 Nxe5 25. fxe5 Qxg5 26.
Nf2 Rb5 27. Ne4 Qxh6 28. Nf6+ Bxf6 29. exf6 Qh4 30. Rcd1 Rh5 31. Rf2 Qh2+ 32.
Kf1 Rh4 33. Qe3 Qb8 34. a4 Rd8 35. Rxd8+ Qxd8 36. Ke1 Rh5 37. Qd4 1-0

[Event "XXXIII Abierto Ciudad de Sevilla"]
[Site "?"]
[Date "2008.01.08"]
[Round "5"]
[White "Burmakin, V."]
[Black "Komljenovic, D."]
[Result "1-0"]
[WhiteElo "2611"]
[BlackElo "2482"]
[PlyCount "39"]
[EventDate "2008.01.05"]
[SourceDate "2008.01.05"]

1. d4 Nf6 2. Nf3 g6 3. c4 Bg7 4. g3 O-O 5. Bg2 d6 6. O-O Nc6 7. Nc3 a6 8. Nd5
Nh5 9. b3 Rb8 10. Bb2 e6 11. Nc3 b5 12. Rb1 bxc4 13. bxc4 Na5 14. Qd3 e5 15.
dxe5 dxe5 16. Ba3 Bf5 17. Rxb8 Qxb8 18. e4 Rd8 19. Nd5 Be6 20. Rb1 {
Diagrama # Ilegible} 1-0

[Event "XXXIII Abierto Ciudad de Sevilla"]
[Site "?"]
[Date "2008.01.08"]
[Round "5"]
[White "Spraggett, K."]
[Black "Belezky, A."]
[Result "1-0"]
[WhiteElo "2588"]
[BlackElo "2449"]
[PlyCount "69"]
[EventDate "2008.01.05"]
[SourceDate "2008.01.05"]

1. e4 c5 2. Nf3 Nc6 3. d4 cxd4 4. Nxd4 g6 5. Nc3 Nf6 6. Nxc6 bxc6 7. e5 Ng8 8.
Bc4 Bg7 9. Bf4 f6 10. Qe2 fxe5 (10... Qa5 11. exf6 Bxf6 12. O-O d5 13. Bd3 Kf8
14. Rae1 Bd7 15. Be5 Re8 16. f4 Nh6 17. f5 Kg7 18. g4 Qb6+ 19. Kh1 Nf7 20. Bg3
g5 21. Na4 Qa5 22. b3 c5 23. Qg2 c4 24. Be2 Nd6 25. Rd1 Bc6 26. Be1 c3 27. Bf3
Ne4 28. Qg1 Rd8 29. Rd4 Rhe8 30. Qe3 e5 31. fxe6 Rxe6 32. Bxe4 Rxe4 33. Rxe4 d4
34. Qf3 Rd6 35. Kg1 Qd5 36. Re6 Qxf3 37. Rxf3 Rxe6 38. Rf1 Re2 39. Bf2 Rxc2 40.
a3 d3 41. Rd1 d2 42. Bxa7 Rc1 {0-1 Al Modiahki,M-Abou el Zein,E/Doha 1993}) 11.
Bxe5 Bxe5 $2 (11... Nf6 12. Ne4 Kf8 13. O-O-O d5 14. Rhe1 Bg4 15. f3 Nxe4 16.
Bxg7+ Kxg7 17. Bd3 Bd7 18. fxe4 e6 19. exd5 cxd5 20. c4 Qg5+ 21. Kb1 Rhe8 22.
Qf2 Bc6 23. Qc5 Bb7 24. g3 Qe7 25. Qxe7+ Rxe7 26. Rd2 Rc8 27. b3 dxc4 28. Bxc4
e5 29. Kb2 Rf8 30. Re3 Rf6 31. Kc3 g5 32. a4 g4 33. b4 Rf3 34. Rde2 Kf6 35. b5
e4 36. a5 Ke5 37. Re1 Rc7 38. b6 axb6 39. axb6 Rc6 40. Kb4 Rxe3 41. Rxe3 Kd4 {
0-1 Groszpeter,A-Afek,Y/Kecskemet 1994}) 12. Qxe5 Nf6 13. Ne4 $16 Kf8 14. O-O-O
d5 15. Rhe1 Bf5 16. Nxf6 exf6 17. Qf4 Kf7 18. g4 Be6 19. g5 Re8 20. h4 {
Diagrama #} Bf5 $2 (20... h5) 21. Rxe8 Kxe8 22. Bd3 $18 Qb8 (22... Bxd3 23.
Rxd3 f5 24. h5) 23. Re1+ Kf7 24. Qd4 Qd6 25. Bxf5 gxf5 26. gxf6 Qxf6 27. Re5 f4
28. c4 dxc4 29. Qe4 Kg8 30. Rf5 Qd6 31. Qxc4+ Kg7 32. Qc3+ Kg8 33. Rg5+ Kf7 34.
Qg7+ Ke6 35. Qh6+ 1-0

[Event "XXXIII Abierto Ciudad de Sevilla"]
[Site "?"]
[Date "2008.01.08"]
[Round "5"]
[White "Soria Castillo, R."]
[Black "Aroshidze, L."]
[Result "0-1"]
[WhiteElo "2186"]
[BlackElo "2535"]
[PlyCount "110"]
[EventDate "2008.01.05"]
[SourceDate "2008.01.05"]

1. e4 c5 2. Nf3 d6 3. d4 cxd4 4. Nxd4 Nf6 5. Nc3 a6 6. a4 e6 7. a5 Nc6 8. Nb3
Nd7 9. Be2 b5 (9... Be7) 10. axb6 $16 Nxb6 11. O-O Be7 12. Be3 Bb7 13. Nd4 Ne5
14. f4 Nec4 15. Bf2 Qc8 16. Qc1 Nd7 17. f5 Nf6 18. fxe6 fxe6 {Diagrama #} 19.
Qg5 $2 (19. Na4 $16) 19... O-O $11 20. Bg4 $6 Nxg4 21. Qxg4 Rf6 $17 22. Nd1 $2
(22. Na4) 22... Nd2 $19 23. Re1 Rg6 24. Qf4 Bg5 25. Qxd6 Nc4 $6 (25... Nxe4)
26. Qb4 (26. Qg3) 26... Bd2 27. Nc3 Bxe1 28. Rxe1 Kh8 29. Bg3 a5 30. Qb3 Ba6
31. Na4 Qd7 32. Nf3 Nd2 33. Nb6 Nxf3+ 34. Qxf3 Qa7 35. Bf2 Rb8 36. c4 h6 37. c5
Rf6 38. Qd1 Rbf8 39. Bg3 Rf1+ 40. Rxf1 Rxf1+ 41. Qxf1 Bxf1 42. Kxf1 Qa6+ 43.
Kf2 Qb5 44. Bd6 Qxb2+ 45. Kg3 a4 46. Nxa4 Qa3+ 47. Kf4 Qxa4 48. Ke5 Qd7 49. g4
Kg8 50. Kf4 Kf7 51. e5 Qa4+ 52. Kg3 g5 53. h3 Ke8 54. Kg2 Qe4+ 55. Kh2 Qf3 0-1